000 00260nam a2200109Ia 4500
005 20251222144729.0
008 251222s9999||||xx |||||||||||||| ||spa||
082 _a234.99/C76/T.II
245 0 _aMisión Histórica del Laicado:
264 _bCELAM
942 _cLIB
999 _c18515
_d18515